000 00698nam a22002177a 4500
008 131010b xxu||||| |||| 00| 0 alb d
020 _a9951130178
041 0 _aalb
080 _a025.7/.9
245 1 0 _aRuajtja dhe konservimi i librit /
_cPërgatitën Shqipe Dreshaj-Asllani, Blerta Slishani-Krasniqi.
260 _aPrishtinë :
_bBiblioteka Kombëtare dhe Universitare e Kosovës ;
_c2006
300 _a146 f. :
_bme il.;
_c21 cm.
500 _aParathënie : f. 9-10
500 _aFjalorth: f. 140-143
505 _aLiteratura: f. 146
650 _aKonservimi dhe ruajtja
650 _aLibrat
700 _aDreshaj-Asllani, Shqipe
700 _aSlishani-Krasniqi, Blerta
942 _2udc
_cBK
999 _c93
_d93